[Event "Vienna State-chC"]
[Site "Vienna"]
[Date "2011.09.18"]
[Round "9"]
[White "Aziz, Samir"]
[Black "Kolba, Klaus"]
[Result "1-0"]
[WhiteElo "1323"]
[BlackElo "1138"]
[PlyCount "72"]
[EventDate "2011.09.10"]
[EventType "swiss"]
[EventRounds "9"]
[EventCountry "AUT"]
[SourceTitle "EXT 2013"]
[Source "ChessBase"]
[SourceDate "2012.11.22"]
[SourceVersion "1"]
[SourceVersionDate "2012.11.22"]
[SourceQuality "1"]

1. d3 e5 2. g3 d5 3. Bg2 Nf6 4. Nf3 Nc6 5. 0-0 Bc5 6. c3 d4 7. e4 0-0 8. c4 Be6 9. Nh4 a6 10. a3 b5 11. b4 Be7 12. c5 h6 13. Nd2 a5 14. Bb2 g5 15. Nf5 Bxf5 16. exf5 Qd7 17. g4 Ra6 18. Ne4 Nd5 19. Qf3 Nf4 20. f6 Bd8 21. Bh1 h5 22. h3 h4 23. Rab1 axb4 24. axb4 Nxb4 25. Rfd1 Ra2 26. Kh2 c6 27. Bc1 Qd5 28. Rxb4 Qd7 29. Bxf4 exf4 30. Nxg5 Bxf6 31. Qxf4 Re8 32. Qxf6 Qc7+ 33. Qd6 Rxf2+ 34. Bg2 Ree2 35. Qxc7 Rxg2+ 36. Kh1 Rh2+ 1-0

[Event "Vienna State-chC"]
[Site "Vienna"]
[Date "2011.09.16"]
[Round "7"]
[White "Kolba, Klaus"]
[Black "Mayrhuber, Nikola"]
[Result "0-1"]
[WhiteElo "1138"]
[BlackElo "1337"]
[PlyCount "68"]
[EventDate "2011.09.10"]
[EventType "swiss"]
[EventRounds "9"]
[EventCountry "AUT"]
[SourceTitle "EXT 2013"]
[Source "ChessBase"]
[SourceDate "2012.11.22"]
[SourceVersion "1"]
[SourceVersionDate "2012.11.22"]
[SourceQuality "1"]

1. e4 e5 2. Nf3 Nc6 3. Nc3 Nf6 4. Bc4 Bc5 5. 0-0 0-0 6. d3 h6 7. Be3 Bxe3 8. fxe3 d6 9. d4 Re8 10. d5 Ne7 11. h3 Ng6 12. Qe1 a6 13. a4 Bd7 14. b4 a5 15. b5 c6 16. bxc6 bxc6 17. dxc6 Bxc6 18. Rd1 Nxe4 19. Bd5 Bxd5 20. Nxd5 Ne7 21. Qh4 Nxd5 22. Qxe4 Nc3 23. Rxd6 Qxd6 24. Qc4 Rac8 25. Qb3 Qb8 26. Nh4 Qxb3 27. cxb3 g6 28. Kh2 Kg7 29. g4 Nd5 30. e4 Rc2+ 31. Kg3 Rc3+ 32. Kh2 Nf6 33. Re1 Rxb3 34. Rg1 Nxe4 0-1

[Event "Vienna State-chC"]
[Site "Vienna"]
[Date "2011.09.11"]
[Round "2"]
[White "Kolba, Klaus"]
[Black "Zikic, Goran"]
[Result "0-1"]
[WhiteElo "1138"]
[BlackElo "1465"]
[PlyCount "84"]
[EventDate "2011.09.10"]
[EventType "swiss"]
[EventRounds "9"]
[EventCountry "AUT"]
[SourceTitle "EXT 2013"]
[Source "ChessBase"]
[SourceDate "2012.11.22"]
[SourceVersion "1"]
[SourceVersionDate "2012.11.22"]
[SourceQuality "1"]

1. c4 e5 2. g3 Bc5 3. e3 Nf6 4. Bg2 Nc6 5. Ne2 0-0 6. 0-0 d5 7. cxd5 Nxd5 8. Bxd5 Qxd5 9. Nbc3 Qf3 10. Nf4 Qxd1 11. Rxd1 exf4 12. exf4 Bf5 13. a3 Rae8 14. Nd5 Re2 15. d4 Bxd4 16. Be3 Bxe3 17. fxe3 Be4 18. Kf1 Bxd5 19. Kxe2 Rd8 20. Kf2 Kf8 21. Re1 f5 22. b4 Bc4 23. Rac1 Bb5 24. Rc5 Rd2+ 25. Kg1 Bd3 26. b5 Ne7 27. Rxc7 Bxb5 28. Rxb7 Bc6 29. Rxa7 Rg2+ 30. Kf1 Rxh2 31. Re2 Bb5 32. Ra8+ Kf7 33. a4 Bxe2+ 34. Ke1 Bf3 35. Ra7 Re2+ 36. Kf1 Rg2 37. a5 Rxg3 38. Kf2 Rh3 39. a6 Be4 40. Rc7 Rh2+ 41. Kg1 Ra2 42. Ra7 h5 0-1